| 000 | 01111nam a22002537a 4500 | ||
|---|---|---|---|
| 005 | 20170124103152.0 | ||
| 010 | _aB-016578 | ||
| 020 |
_c200.00 _a8171194702 |
||
| 035 | _aB-016578 | ||
| 037 | _bCen Lib/Ret | ||
| 040 |
_aDPL _bHN |
||
| 082 |
_a415 _bमहरो |
||
| 100 |
_aमहरोत्रा, रमेश चंद्र _952576 |
||
| 245 |
_aमानक हिंदी के शुद्ध प्रयोग _cरमेश चंद्र महरोत्रा _b: दो / |
||
| 246 |
_aManak hindi suddh prayog-do / _bby Ramesh Chandra Mahrotra |
||
| 260 |
_aनई दिल्ली _bराधाकृष्ण प्रकाशन _c2000 |
||
| 270 |
_a2/38, अंसारी मार्ग, दरियागंज _bनई दिल्ली _e110002 |
||
| 300 |
_a190पृ. _c21सेमी (सजिल्द) |
||
| 650 |
_aहिन्दी व्याकरण _988407 |
||
| 650 |
_aमानक हिन्दी _93679 |
||
| 650 |
_aHindi grammar _99482 |
||
| 650 |
_aStandard Hindi _988408 |
||
| 942 |
_2ddc _cHN _h415 _mमहरो |
||
| 999 |
_c120076 _d120076 |
||